[Event "Olympiad Women-42"]
[Site "Baku"]
[Date "2016.09.10"]
[Round "8.4"]
[White "Tavares, Domingas"]
[Black "Salim Moussa, Seydi"]
[Result "0-1"]
[WhiteElo "1563"]
[BlackElo "1668"]
[PlyCount "60"]
[EventDate "2016.09.02"]
[EventType "team-swiss"]
[EventRounds "11"]
[EventCountry "AZE"]
[SourceTitle "CBM 174 Extra"]
[Source "ChessBase"]
[SourceDate "2016.10.10"]
[SourceVersion "1"]
[SourceVersionDate "2016.10.10"]
[SourceQuality "1"]
[WhiteTeam "Angola (W)"]
[BlackTeam "Netherlands Antilles (W)"]
[WhiteTeamCountry "ANG"]
[BlackTeamCountry "AHO"]

1. e4 e5 2. Nf3 Nc6 3. Bc4 Nf6 4. d3 Bc5 5. Nc3 h6 6. h3 0-0 7. 0-0 Re8 8. Be3 Nd4 9. Bxd4 Bxd4 10. Nxd4 exd4 11. Nb5 d5 12. exd5 a6 13. Nxd4 Nxd5 14. Bxd5 Qxd5 15. Nf3 b5 16. Qd2 Bxh3 17. Qf4 g5 18. Qh2 g4 19. Ne1 Kh7 20. gxh3 gxh3 21. Qxh3 Rg8+ 22. Kh2 Qe5+ 23. Kh1 Rg5 24. f4 Qd5+ 25. Qf3 Rh5+ 26. Kg2 Rg8+ 27. Kf2 Rh2+ 28. Ng2 Rgxg2+ 29. Ke1 Qxf3 30. Rxf3 Rg1+ 0-1

[Event "Olympiad Women-42"]
[Site "Baku"]
[Date "2016.09.08"]
[Round "6.4"]
[White "Miladi, Amen"]
[Black "Tavares, Domingas"]
[Result "1-0"]
[WhiteElo "1491"]
[BlackElo "1563"]
[PlyCount "77"]
[EventDate "2016.09.02"]
[EventType "team-swiss"]
[EventRounds "11"]
[EventCountry "AZE"]
[SourceTitle "CBM 174 Extra"]
[Source "ChessBase"]
[SourceDate "2016.10.10"]
[SourceVersion "1"]
[SourceVersionDate "2016.10.10"]
[SourceQuality "1"]
[WhiteTeam "Tunisia (W)"]
[BlackTeam "Angola (W)"]
[WhiteTeamCountry "TUN"]
[BlackTeamCountry "ANG"]

1. e4 c5 2. d4 cxd4 3. c3 dxc3 4. Nxc3 Nc6 5. Nf3 d6 6. Bc4 Nf6 7. 0-0 e6 8. Qe2 Be7 9. Rd1 Bd7 10. Bf4 e5 11. Bg5 Bg4 12. Be3 0-0 13. h3 Bxf3 14. Qxf3 a6 15. Bb3 Na5 16. Bc2 Nc4 17. Bg5 Rc8 18. Rab1 b5 19. Bxf6 Bxf6 20. Bb3 Bg5 21. Qd3 Be7 22. Nd5 Rc6 23. Nb4 Rc8 24. Nd5 Rc6 25. Nb4 Rc8 26. Nd5 Bg5 27. a4 Na5 28. axb5 axb5 29. Ba2 Rb8 30. Nb4 Be7 31. Rbc1 Qd7 32. Nd5 Bd8 33. Ne3 Be7 34. Nf5 Rb6 35. Qc3 Nc6 36. Bd5 Rc8 37. Qg3 g6 38. Nh6+ Kg7 39. Nxf7 1-0

[Event "Africa-ch U20 Girls"]
[Site "Tiaret"]
[Date "2014.01.27"]
[Round "3"]
[White "Yousfi, Yasmine"]
[Black "Tavares, Domingas"]
[Result "0-1"]
[WhiteElo "1621"]
[BlackElo "1506"]
[PlyCount "62"]
[EventDate "2014.01.25"]
[EventType "swiss"]
[EventRounds "9"]
[EventCountry "ALG"]
[SourceTitle "CBM 158 Extra"]
[Source "ChessBase"]
[SourceDate "2014.02.28"]
[SourceVersion "1"]
[SourceVersionDate "2014.02.28"]
[SourceQuality "1"]

1. c4 Nf6 2. Nc3 Nc6 3. g3 d6 4. Bg2 Bd7 5. d4 Rb8 6. e4 e5 7. d5 Na5 8. Qd3 b6 9. Nge2 Nb7 10. 0-0 Nc5 11. Qc2 a5 12. Bg5 Be7 13. f4 Ng4 14. Bxe7 Qxe7 15. Qd2 0-0 16. h3 Nf6 17. Qc2 b5 18. cxb5 Bxb5 19. Nxb5 Rxb5 20. Nc3 Rb4 21. f5 Nh5 22. Ne2 Nf6 23. Nc3 Rfb8 24. b3 Nh5 25. Kh2 Qg5 26. Qf2 Rd4 27. Rad1 Rbb4 28. Rxd4 Rxd4 29. Rd1 Rb4 30. Rc1 Qxc1 31. Ne2 Qd2 0-1